000 01217nam a2200277 a 4500
001 76269
003 BD-RjUL
005 20211209082822.0
008 191118s1998 bg ||||| |||| 00| 0aben d
020 _a9844010705
_c: Tk. 600.00
035 _a(BD-RjUL)76452
040 _aBD-RjUL
_bben/eng
_cBD-RjUL
_dBD-RjUL
041 _aben
082 _223
_aB 954.9205092
_bISB 1998
100 1 _aইসলাম, মযহারুল
_9235088
245 1 0 _aবঙ্গবন্ধু শেখ মুজিব /
_cমযহারুল ইসলাম
250 _a৩য় সং.
260 _aঢাকা :
_bআগামী প্রকাশনী,
_c১৯৯৮
300 _a৯৪৪ পৃ. ;
_c২২ সেমি
504 _aগ্রন্থপঞ্জী : পৃ. [৯৩৫]-৯৪৪
600 _aরহমান, শেখ মুজিবুর,
_cবঙ্গবন্ধু,
_d১৯২০-১৯৭৫
_xজীবনী
_9235089
600 _aRahman, Sheikh Mujibur,
_cBangababdhu,
_d1920-1975
_xBiography.
_9235090
650 _aরাজনীতিবিদ
_zবাংলাদেশ
_vজীবনী
_9235074
650 _aPoliticians
_zBangladesh
_vBiography.
_9235091
942 _2ddc
_cBK
999 _c76269
_d76269